Normal view
MARC view
- Vargas Llosa, Mario,
Entry Nombre Personal
001 - NUMERO DE CONTROL
- campo de control: 19478
003 - IDENTIFICADOR DE NUMERO DE CONTROL
- campo de control: MX-MxUPN
005 - FECHA Y HORA DE LA ÜLTIMA TRANSACCIÓN
- campo de control: 20240222151704.0
008 - DATOS DE LONGITUD FIJA
- campo de control de longitud fija: 240222n||fcnnnbabn | ana |d
035 ## - NUMERO DE CONTROL
- Número de control: UPN10000019487
040 ## - FUENTE DE CATALOGACIÓN
- Agencia original de catalogación: MX-MxUPN
- Lenguaje de catalogación: spa
- Agencia de transcripción: MX-MxUPN
100 1# - ENCABEZAMIENTO - NOMBRE PERSONAL
- Nombre personal: Vargas Llosa, Mario,
- Fechas asociadas con el nombre: 1936-
- Subdivisión temática general : Crítica e interpretación
670 ## - FUENTE EN LA QUE SE LOCALIZARON DATOS
- Cita de la fuente: LC
- Información localizada: Vargas Llosa, Mario, 1936- - Criticism and interpretation
902 ## - CATALOGADOR
- Catalogador: MCM/091111
